[Event "Matinhos Caioba op 9th"]
[Site "Matinhos"]
[Date "2025.07.06"]
[Round "9"]
[White "Pinero Rodriguez, Carlos Jose"]
[Black "Silverio, Vitor Luis De Jesus"]
[Result "1/2-1/2"]
[WhiteElo "2290"]
[BlackElo "2162"]
[PlyCount "59"]
[EventDate "2025.06.29"]
[EventType "swiss"]
[EventRounds "9"]
[EventCountry "BRA"]
[SourceTitle "CB28_2025"]
[SourceDate "2025.07.09"]
[SourceVersion "1"]
[SourceVersionDate "2025.07.09"]
[SourceQuality "1"]

1. e4 c5 2. Ne2 d6 3. g3 g6 4. Bg2 Bg7 5. 0-0 Nc6 6. c3 e5 7. Na3 Nge7 8. Nc2 0-0 9. d4 exd4 10. cxd4 cxd4 11. Nexd4 d5 12. exd5 Nxd4 13. Nxd4 Nxd5 14. Re1 Nb4 15. Be3 Nd5 16. Bc1 Nb4 17. Re4 Bf5 18. Rf4 Nc2 19. Rxf5 Nxa1 20. Rd5 Qb6 21. Nb5 Rad8 22. Be3 Rxd5 23. Qxd5 Qa5 24. Nxa7 Qxd5 25. Bxd5 Bxb2 26. Bxb7 Nc2 27. Bc5 Rb8 28. Be4 Bd4 29. Bxd4 Nxd4 30. Nc6 1/2-1/2

[Event "Florianopolis op 11th"]
[Site "Florianopolis"]
[Date "2025.01.20"]
[Round "4"]
[White "Lima, Stefan Moisei Vieir"]
[Black "Silverio, Vitor Luis de Jesus"]
[Result "1-0"]
[WhiteElo "2312"]
[BlackElo "2083"]
[PlyCount "119"]
[EventDate "2025.01.18"]
[EventType "swiss"]
[EventRounds "10"]
[EventCountry "BRA"]
[SourceTitle "CB05_2025"]
[SourceDate "2025.01.29"]
[SourceVersion "1"]
[SourceVersionDate "2025.01.29"]
[SourceQuality "1"]

1. c4 Nf6 2. g3 g6 3. Bg2 Bg7 4. Nc3 0-0 5. d4 d6 6. h3 c5 7. e3 Nc6 8. Nge2 cxd4 9. exd4 Bf5 10. 0-0 Qc8 11. Kh2 Nb4 12. b3 e5 13. d5 h5 14. Bg5 Re8 15. Qd2 Nc2 16. Rac1 Nd4 17. Nxd4 exd4 18. Nb5 Qd7 19. Bxf6 Bxf6 20. Nxd4 h4 21. Nxf5 Qxf5 22. g4 Qe5+ 23. f4 Qe2 24. Rf2 Qe3 25. Qxe3 Rxe3 26. c5 dxc5 27. Rxc5 Bd4 28. Rc7 Re1 29. Rf1 Re2 30. d6 Rd8 31. d7 Re7 32. Rxb7 Rdxd7 33. Rxd7 Rxd7 34. Rd1 Kf8 35. Bc6 Rd6 36. Be4 g5 37. Kg2 gxf4 38. Kf3 Be5 39. Bd5 f6 40. Ke4 Ke7 41. g5 f3 42. g6 Kf8 43. Rf1 Kg7 44. Bf7 Rd4+ 45. Ke3 Rf4 46. Rf2 Bd4+ 47. Kxf4 Bxf2 48. Kxf3 Bg3 49. Kg4 a5 50. a3 Be1 51. Kf5 Bd2 52. Be8 Bc3 53. Bc6 Bb2 54. b4 axb4 55. axb4 Bd4 56. Be4 Kf8 57. Ke6 f5 58. Bxf5 Ke8 59. b5 Kd8 60. Kf7 1-0

[Event "BRA-ch 90th"]
[Site "Natal"]
[Date "2024.12.21"]
[Round "11"]
[White "Silverio, Vitor Luis de Jesus"]
[Black "Zallio, Luciano de Souza"]
[Result "1-0"]
[WhiteElo "2040"]
[BlackElo "2127"]
[PlyCount "34"]
[EventDate "2024.12.13"]
[EventType "swiss"]
[EventRounds "11"]
[EventCountry "BRA"]
[SourceTitle "CB52_2024"]
[SourceDate "2024.12.25"]
[SourceVersion "1"]
[SourceVersionDate "2024.12.25"]
[SourceQuality "1"]

1. e4 e6 2. d4 d5 3. e5 c5 4. c3 Nc6 5. Nf3 Qb6 6. Be2 Nh6 7. Bxh6 gxh6 8. Qd2 Bg7 9. 0-0 0-0 10. Na3 Bd7 11. Nc2 cxd4 12. cxd4 f6 13. exf6 Rxf6 14. Rab1 Raf8 15. b4 Rf4 16. Rfd1 Nd8 17. b5 Be8 1-0

[Event "BRA-ch 90th"]
[Site "Natal"]
[Date "2024.12.19"]
[Round "9"]
[White "Silverio, Vitor Luis de Jesus"]
[Black "Starke, Bruno Orlando"]
[Result "0-1"]
[WhiteElo "2040"]
[BlackElo "2147"]
[PlyCount "100"]
[EventDate "2024.12.13"]
[EventType "swiss"]
[EventRounds "11"]
[EventCountry "BRA"]
[SourceTitle "CB52_2024"]
[SourceDate "2024.12.25"]
[SourceVersion "1"]
[SourceVersionDate "2024.12.25"]
[SourceQuality "1"]

1. e4 c5 2. Nf3 e6 3. d4 cxd4 4. Nxd4 Nc6 5. Nb5 d6 6. c4 a6 7. N5c3 Nf6 8. g3 Be7 9. Bg2 0-0 10. 0-0 Rb8 11. a4 b6 12. Be3 Bb7 13. h3 Nd7 14. Na3 Nc5 15. Nc2 Bf6 16. f4 Bxc3 17. bxc3 Na5 18. Bxc5 bxc5 19. Ne3 Bc6 20. Ra2 Rb3 21. f5 Qg5 22. Qe1 Rfb8 23. h4 Qf6 24. fxe6 Qxc3 25. exf7+ Kf8 26. Qxc3 Rxc3 27. Nd5 Bxd5 28. cxd5 Nc4 29. Kh2 Ne5 30. Bh3 a5 31. Be6 Re3 32. Rf4 Rb4 33. g4 Rexe4 34. Rxe4 Rxe4 35. Kg3 Rb4 36. g5 Rb3+ 37. Kg2 Nc4 38. h5 Rb2+ 39. Rxb2 Nxb2 40. Bd7 Kxf7 41. Bb5 Nd1 42. Kf3 Nc3 43. Bc6 h6 44. gxh6 gxh6 45. Kf4 Kf6 46. Ke3 Ke5 47. Kd3 Nxd5 48. Kc4 Ne3+ 49. Kb5 c4 50. Kxa5 c3 0-1

[Event "BRA-ch 90th"]
[Site "Natal"]
[Date "2024.12.18"]
[Round "8"]
[White "Bulhoes, Benicio Rocha"]
[Black "Silverio, Vitor Luis de Jesus"]
[Result "0-1"]
[WhiteElo "1936"]
[BlackElo "2040"]
[PlyCount "128"]
[EventDate "2024.12.13"]
[EventType "swiss"]
[EventRounds "11"]
[EventCountry "BRA"]
[SourceTitle "CB52_2024"]
[SourceDate "2024.12.25"]
[SourceVersion "1"]
[SourceVersionDate "2024.12.25"]
[SourceQuality "1"]

1. d4 Nf6 2. c4 g6 3. Nc3 Bg7 4. e4 d6 5. Nf3 0-0 6. h3 e5 7. dxe5 dxe5 8. Qxd8 Rxd8 9. Bg5 Re8 10. Nd5 Nxd5 11. cxd5 c6 12. Bc4 a5 13. Nd2 b5 14. Bd3 Ba6 15. Rc1 cxd5 16. exd5 e4 17. Be2 Bxb2 18. Rb1 Bc3 19. Bxb5 Re5 20. Bxa6 Nxa6 21. Bf6 Bxd2+ 22. Kxd2 Rxd5+ 23. Ke2 Nb4 24. a3 Nd3 25. g4 Re8 26. Rb6 Rc5 27. Ke3 Ne5 28. Kd4 Nd7 29. Rd6 Rc7 30. Bh4 Nc5 31. Rb1 a4 32. Rb4 Nb3+ 33. Ke3 Rc3+ 34. Ke2 e3 35. fxe3 Rcxe3+ 36. Kf2 Re2+ 37. Kf3 Nd2+ 38. Kf4 h6 39. g5 R8e4+ 40. Rxe4 Rxe4+ 41. Kg3 Nf1+ 42. Kf2 Rxh4 43. Kxf1 Rxh3 44. gxh6 Rxa3 45. Rf6 Rh3 46. Ra6 Rf3+ 47. Kg2 Rf4 48. Kg3 g5 49. Ra5 f6 50. Ra7 a3 51. Rg7+ Kh8 52. Ra7 Rh4 53. Rxa3 Kh7 54. Ra8 Kxh6 55. Rh8+ Kg6 56. Rxh4 gxh4+ 57. Kxh4 Kf5 58. Kg3 Ke4 59. Kf2 Kf4 60. Kg2 Ke3 61. Kf1 Kf3 62. Kg1 f5 63. Kf1 f4 64. Kg1 Ke2 0-1

[Event "BRA-ch 90th"]
[Site "Natal"]
[Date "2024.12.17"]
[Round "7"]
[White "Silverio, Vitor Luis de Jesus"]
[Black "Bouwman, Marcelo Wanderley"]
[Result "1/2-1/2"]
[WhiteElo "2040"]
[BlackElo "2196"]
[PlyCount "55"]
[EventDate "2024.12.13"]
[EventType "swiss"]
[EventRounds "11"]
[EventCountry "BRA"]
[SourceTitle "CB52_2024"]
[SourceDate "2024.12.25"]
[SourceVersion "1"]
[SourceVersionDate "2024.12.25"]
[SourceQuality "1"]

1. e4 e6 2. d4 d5 3. e5 c5 4. c3 Nc6 5. Nf3 Bd7 6. Be2 Nge7 7. Na3 Ng6 8. Nc2 Be7 9. 0-0 0-0 10. Re1 cxd4 11. cxd4 f6 12. exf6 Bxf6 13. Bd3 Qb6 14. Bxg6 hxg6 15. Qd3 Ne7 16. Ne3 Nf5 17. Nxf5 gxf5 18. Bg5 Rac8 19. Qd2 Kf7 20. Rac1 Rce8 21. Re3 Bc6 22. Bf4 Qd8 23. Ra3 a6 24. Re1 Rh8 25. Bg5 Qc7 26. Bf4 Qd8 27. Bg5 Qc7 28. Bf4 1/2-1/2

[Event "BRA-ch 90th"]
[Site "Natal"]
[Date "2024.12.13"]
[Round "1"]
[White "Silverio, Vitor Luis de Jesus"]
[Black "De Macedo, Laura Barbosa"]
[Result "1-0"]
[WhiteElo "2040"]
[BlackElo "1566"]
[PlyCount "71"]
[EventDate "2024.12.13"]
[EventType "swiss"]
[EventRounds "11"]
[EventCountry "BRA"]
[SourceTitle "CB52_2024"]
[SourceDate "2024.12.25"]
[SourceVersion "1"]
[SourceVersionDate "2024.12.25"]
[SourceQuality "1"]

1. g3 Nf6 2. Bg2 d6 3. c4 c5 4. Nc3 Nc6 5. Nf3 g6 6. d4 cxd4 7. Nxd4 Nxd4 8. Qxd4 Bg7 9. 0-0 0-0 10. e4 a6 11. Qd2 Qc7 12. b3 Rd8 13. Bb2 Rb8 14. Nd5 Nxd5 15. Bxg7 Kxg7 16. cxd5 e6 17. Rac1 Qb6 18. dxe6 Bxe6 19. Rc2 Rbc8 20. Rfc1 f6 21. h3 Rxc2 22. Rxc2 Rc8 23. Rxc8 Bxc8 24. Kh2 Qc7 25. f4 Be6 26. Kh1 b5 27. g4 f5 28. exf5 gxf5 29. Qd4+ Kg6 30. g5 Qe7 31. h4 Bxb3 32. axb3 Qe1+ 33. Kh2 Qxh4+ 34. Bh3 Kh5 35. Qe3 h6 36. Qe8# 1-0

[Event "Wch U18"]
[Site "Florianopolis"]
[Date "2024.11.05"]
[Round "7"]
[White "Lai, Hong Yi"]
[Black "Silverio, Vitor Luis de Jesus"]
[Result "1-0"]
[WhiteElo "1789"]
[BlackElo "2016"]
[PlyCount "97"]
[EventDate "2024.10.29"]
[EventType "swiss"]
[EventRounds "11"]
[EventCountry "BRA"]
[SourceTitle "CB45_2024"]
[Source "ChessBase"]
[SourceDate "2024.11.06"]
[SourceVersion "1"]
[SourceVersionDate "2024.11.06"]
[SourceQuality "1"]

1. d4 Nf6 2. c4 g6 3. g3 Bg7 4. Bg2 0-0 5. Nc3 d6 6. Nf3 c5 7. 0-0 Nc6 8. dxc5 dxc5 9. Bf4 Be6 10. Ne5 Nh5 11. Nxc6 bxc6 12. Be3 Qa5 13. Bxc6 Rab8 14. Qa4 Qc7 15. Nd5 Bxd5 16. cxd5 Rb4 17. Qa6 Qb6 18. Qxb6 axb6 19. Rab1 c4 20. Bd2 Rxb2 21. Rxb2 Bxb2 22. Rb1 Bf6 23. Rc1 e6 24. Rxc4 exd5 25. Bxd5 Rd8 26. e4 Ng7 27. Be3 Rb8 28. Rc6 Be5 29. Rxb6 Rxb6 30. Bxb6 Ne8 31. a4 Bb8 32. a5 Nd6 33. a6 Nc8 34. Bc5 Ba7 35. Bxa7 Nxa7 36. Kg2 Kf8 37. Kf3 f6 38. Kf4 Ke7 39. e5 h6 40. exf6+ Kxf6 41. Ke4 Nb5 42. h4 g5 43. hxg5+ hxg5 44. Bc6 Na7 45. Kd5 Ke7 46. Kc5 Kd8 47. Bb7 Kc7 48. f4 gxf4 49. gxf4 1-0

[Event "Wch U18"]
[Site "Florianopolis"]
[Date "2024.11.02"]
[Round "5"]
[White "Orrego Palermo, Marcelo Andres"]
[Black "Silverio, Vitor Luis de Jesus"]
[Result "1-0"]
[WhiteElo "2241"]
[BlackElo "2016"]
[PlyCount "56"]
[EventDate "2024.10.29"]
[EventType "swiss"]
[EventRounds "11"]
[EventCountry "BRA"]
[SourceTitle "CB45_2024"]
[Source "ChessBase"]
[SourceDate "2024.11.06"]
[SourceVersion "1"]
[SourceVersionDate "2024.11.06"]
[SourceQuality "1"]

1. e4 c5 2. Nf3 d6 3. d4 cxd4 4. Nxd4 Nf6 5. Nc3 a6 6. Be3 e5 7. Nf3 Be7 8. Bc4 0-0 9. 0-0 b5 10. Bd5 b4 11. Bxa8 bxc3 12. bxc3 Bg4 13. Rb1 Qa5 14. Qd3 Bxf3 15. gxf3 Qxa2 16. Bd5 Qa4 17. Rb4 Qe8 18. Rfb1 Nbd7 19. Bc6 Qc8 20. Bb7 Qc7 21. Qxa6 d5 22. Rb5 dxe4 23. Qc6 Qxc6 24. Bxc6 exf3 25. Rb7 Rd8 26. Bxd7 Nxd7 27. Rd1 Nf8 28. Rxd8 Bxd8 1-0

[Event "Wch U18"]
[Site "Florianopolis"]
[Date "2024.11.01"]
[Round "4"]
[White "Silverio, Vitor Luis de Jesus"]
[Black "Sajin, Mirko"]
[Result "1/2-1/2"]
[WhiteElo "2016"]
[BlackElo "2275"]
[PlyCount "107"]
[EventDate "2024.10.29"]
[EventType "swiss"]
[EventRounds "11"]
[EventCountry "BRA"]
[SourceTitle "CB45_2024"]
[Source "ChessBase"]
[SourceDate "2024.11.06"]
[SourceVersion "1"]
[SourceVersionDate "2024.11.06"]
[SourceQuality "1"]

1. e4 c5 2. Nf3 Nc6 3. d4 cxd4 4. Nxd4 g6 5. Nc3 Bg7 6. Be3 Nf6 7. Bc4 0-0 8. Bb3 Re8 9. f3 d5 10. exd5 Nb4 11. Nde2 e6 12. d6 Nbd5 13. Bd4 Qxd6 14. Nxd5 exd5 15. 0-0 b6 16. Re1 Ba6 17. c3 Bc4 18. Qd2 Rad8 19. Rad1 Qc6 20. Nc1 h5 21. Nd3 Qb5 22. Nc1 Rxe1+ 23. Rxe1 Re8 24. Rxe8+ Qxe8 25. Qe3 Qd7 26. Nd3 Ba6 27. Nb4 Bb7 28. Qf4 Qe6 29. Qe3 Nd7 30. Kf2 Ne5 31. Nd3 Nxd3+ 32. Qxd3 Bh6 33. Qe2 Qxe2+ 34. Kxe2 Bc1 35. c4 Ba6 36. Kd1 dxc4 37. Kxc1 cxb3 38. axb3 Bf1 39. g3 Bg2 40. f4 Kf8 41. Kd2 Ke7 42. b4 Kd6 43. Ke3 Kd5 44. Bc3 Ke6 45. Be5 Kf5 46. b5 Ke6 47. Bb8 Kd7 48. f5 Bf1 49. fxg6 fxg6 50. Kd4 Bxb5 51. b4 g5 52. h4 g4 53. Bf4 Ke6 54. Kc3 1/2-1/2

[Event "Manaus op"]
[Site "Manaus"]
[Date "2024.10.15"]
[Round "7"]
[White "Hoffman, Alejandro"]
[Black "Silverio, Vitor Luis de Jesus"]
[Result "1-0"]
[WhiteElo "2356"]
[BlackElo "2016"]
[PlyCount "87"]
[EventDate "2024.10.11"]
[EventType "swiss"]
[EventRounds "9"]
[EventCountry "BRA"]
[SourceTitle "CB43_2024"]
[Source "Chessbase"]
[SourceDate "2024.10.23"]
[SourceVersion "1"]
[SourceVersionDate "2024.10.23"]
[SourceQuality "1"]

1. d4 Nf6 2. g3 g6 3. Bg2 d5 4. Nf3 Bg7 5. 0-0 0-0 6. c4 c6 7. b3 a5 8. Bb2 Ne4 9. Qc2 Bf5 10. Qc1 a4 11. Na3 Nd7 12. Nh4 Be6 13. f3 Nef6 14. e4 b5 15. exd5 cxd5 16. cxb5 axb3 17. axb3 Rc8 18. Qd2 Qb6 19. Rfc1 h6 20. Bf1 g5 21. Ng2 g4 22. fxg4 Ne4 23. Qd1 f5 24. gxf5 Bxf5 25. Ne3 Be6 26. Nac2 Nf2 27. Qe2 Ne4 28. Ra6 Qb8 29. Rxe6 Rf2 30. Qg4 Rcf8 31. Rxe7 Ng5 32. Rxg7+ Kxg7 33. Qxd7+ R8f7 34. Qg4 Kh8 35. Bg2 Qxb5 36. Bxd5 R7f6 37. Bg2 Qxb3 38. Ba1 Kh7 39. d5 Rf7 40. Be4+ Nxe4 41. Qxe4+ Kg8 42. Qe8+ Kh7 43. Qh8+ Kg6 44. Qg8+ 1-0

[Event "Manaus op"]
[Site "Manaus"]
[Date "2024.10.13"]
[Round "4"]
[White "Silverio, Vitor Luis de Jesus"]
[Black "Silva E Costa, Alan Roberto da"]
[Result "1-0"]
[WhiteElo "2016"]
[BlackElo "1796"]
[PlyCount "107"]
[EventDate "2024.10.11"]
[EventType "swiss"]
[EventRounds "9"]
[EventCountry "BRA"]
[SourceTitle "CB43_2024"]
[Source "Chessbase"]
[SourceDate "2024.10.23"]
[SourceVersion "1"]
[SourceVersionDate "2024.10.23"]
[SourceQuality "1"]

1. e4 c5 2. Nf3 Nc6 3. d4 cxd4 4. Nxd4 g6 5. Nc3 Bg7 6. Be3 Nf6 7. Bc4 0-0 8. Bb3 d6 9. f3 Bd7 10. Qd2 Nxd4 11. Bxd4 b5 12. 0-0-0 a5 13. Nd5 Nxd5 14. Bxd5 Rc8 15. a3 Qc7 16. Bxg7 Kxg7 17. Bb3 Be6 18. Kb1 a4 19. Bd5 Bxd5 20. exd5 Qc4 21. Rhe1 Rc7 22. Re4 Qc5 23. h4 h6 24. c3 f5 25. Rd4 Qa7 26. h5 g5 27. Qd3 Qb7 28. Re1 Qc8 29. Re6 Rf6 30. Rxf6 Kxf6 31. Qxb5 Rb7 32. Qd3 Qb8 33. Qe2 e5 34. dxe6 Re7 35. Rxa4 Rxe6 36. Qd2 Qb6 37. Qd4+ Qxd4 38. Rxd4 Re1+ 39. Kc2 Ke6 40. a4 Ra1 41. Kb3 Kd7 42. Rd5 f4 43. Rd2 Rh1 44. a5 Rxh5 45. Kc4 Rh2 46. Kd5 Rh1 47. b4 Re1 48. a6 Re3 49. a7 Re5+ 50. Kd4 Re8 51. Ra2 Ra8 52. Kd5 Kc7 53. Ke6 Kb7 54. Kxd6 1-0

[Event "Titled Tuesday intern op 30th Jul Late"]
[Site "Chess.com INT"]
[Date "2024.07.30"]
[Round "10"]
[White "Nielsen Refs, Karl Emil Elmer"]
[Black "Silverio, Vitor Luis de Jesus"]
[Result "1-0"]
[WhiteElo "2239"]
[BlackElo "2026"]
[PlyCount "87"]
[EventDate "2024.07.30"]
[EventType "swiss (blitz)"]
[EventRounds "11"]
[EventCountry "USA"]
[SourceTitle "EXT 2025"]
[Source "ChessBase"]
[SourceDate "2024.10.14"]
[SourceVersion "1"]
[SourceVersionDate "2024.10.14"]
[SourceQuality "1"]

1. f4 Nf6 2. b3 g6 3. Bb2 Bg7 4. Nf3 0-0 5. g3 d6 6. Bg2 c5 7. 0-0 Nc6 8. d3 Re8 9. e4 Bg4 10. Nbd2 Nd4 11. h3 Bxf3 12. Nxf3 Nd7 13. Bxd4 cxd4 14. f5 Rc8 15. fxg6 hxg6 16. Ng5 Ne5 17. Rf2 e6 18. h4 Qc7 19. Qf1 Re7 20. Bh3 Qd8 21. Qg2 Rec7 22. Raf1 Qe8 23. a4 a5 24. Kh2 b6 25. Kg1 Re7 26. Nf3 Nxf3+ 27. Rxf3 Rc3 28. R1f2 Rec7 29. g4 Qc8 30. g5 Rxc2 31. h5 Rxf2 32. Rxf2 gxh5 33. Qf3 Qe8 34. Qxh5 Rc1+ 35. Kh2 Rc3 36. Qf3 Rxb3 37. Bg4 Ra3 38. Bh5 Be5+ 39. Kg2 Qe7 40. Bxf7+ Kg7 41. Qh5 Qc7 42. Qg6+ Kf8 43. Qg8+ Ke7 44. Qe8# 1-0

[Event "Titled Tuesday intern op 30th Jul Late"]
[Site "Chess.com INT"]
[Date "2024.07.30"]
[Round "2"]
[White "Silverio, Vitor Luis de Jesus"]
[Black "Jimenez Almeida, Luis David"]
[Result "0-1"]
[WhiteElo "2026"]
[BlackElo "2206"]
[PlyCount "84"]
[EventDate "2024.07.30"]
[EventType "swiss (blitz)"]
[EventRounds "11"]
[EventCountry "USA"]
[SourceTitle "EXT 2025"]
[Source "ChessBase"]
[SourceDate "2024.10.14"]
[SourceVersion "1"]
[SourceVersionDate "2024.10.14"]
[SourceQuality "1"]

1. e4 g6 2. d4 Bg7 3. Nc3 c5 4. Nf3 Nc6 5. Be3 Qa5 6. Qd2 cxd4 7. Nxd4 Nf6 8. f3 0-0 9. 0-0-0 d6 10. Kb1 Nxd4 11. Bxd4 Be6 12. Nd5 Qd8 13. Nxf6+ exf6 14. h4 d5 15. h5 dxe4 16. fxe4 Qc7 17. Qf2 Rac8 18. Bd3 Rfd8 19. Bxf6 Bg4 20. hxg6 Bxf6 21. Qxf6 fxg6 22. Rdf1 Rf8 23. Qd4 Be6 24. b3 a5 25. a4 Rcd8 26. Qe3 Qe5 27. Qe2 Rc8 28. Rxf8+ Rxf8 29. Bc4 Kg7 30. Bxe6 Qxe6 31. Qd3 Re8 32. Re1 Qe5 33. Qd2 Re7 34. Qe2 h5 35. Qc4 h4 36. Qd3 Kh6 37. Qh3 g5 38. Qe3 Qf4 39. Qb6+ Kh5 40. Qxa5 Qf2 41. Qb4 Re5 42. Qc3 Rc5 0-1

[Event "Titled Tuesday intern op 30th Jul Late"]
[Site "Chess.com INT"]
[Date "2024.07.30"]
[Round "9"]
[White "Silverio, Vitor Luis de Jesus"]
[Black "Omariev, Maksim"]
[Result "0-1"]
[WhiteElo "2026"]
[BlackElo "2304"]
[PlyCount "50"]
[EventDate "2024.07.30"]
[EventType "swiss (blitz)"]
[EventRounds "11"]
[EventCountry "USA"]
[SourceTitle "EXT 2025"]
[Source "ChessBase"]
[SourceDate "2024.10.14"]
[SourceVersion "1"]
[SourceVersionDate "2024.10.14"]
[SourceQuality "1"]

1. e4 c5 2. Nf3 d6 3. d4 cxd4 4. Nxd4 Nf6 5. Nc3 a6 6. Bg5 Nbd7 7. f4 Qc7 8. Qe2 e5 9. Nf5 b5 10. 0-0-0 Bb7 11. a3 h6 12. Bxf6 Nxf6 13. g4 exf4 14. h4 g6 15. Nd4 Bg7 16. Nd5 Bxd5 17. exd5+ Kf8 18. Qf3 Re8 19. Bd3 Qc5 20. c3 Nxd5 21. Kb1 Re3 22. Qg2 Nxc3+ 23. bxc3 Qxc3 24. Qc2 Qxd4 25. Bxg6 Qa1# 0-1

[Event "Titled Tuesday intern op 23rd Jul Late"]
[Site "Chess.com INT"]
[Date "2024.07.23"]
[Round "4"]
[White "Adam, Ernestina"]
[Black "Silverio, Vitor Luis de Jesus"]
[Result "0-1"]
[WhiteElo "2055"]
[BlackElo "2026"]
[PlyCount "60"]
[EventDate "2024.07.23"]
[EventType "swiss (blitz)"]
[EventRounds "11"]
[EventCountry "USA"]
[SourceTitle "EXT 2025"]
[Source "ChessBase"]
[SourceDate "2024.10.14"]
[SourceVersion "1"]
[SourceVersionDate "2024.10.14"]
[SourceQuality "1"]

1. e4 c5 2. Nf3 d6 3. d4 cxd4 4. Nxd4 Nf6 5. Nc3 a6 6. Bg5 e6 7. f4 Be7 8. Qf3 Qc7 9. Bd3 Nbd7 10. 0-0-0 b5 11. Rhe1 Bb7 12. g4 b4 13. Na4 Nc5 14. Bxf6 gxf6 15. b3 Nxa4 16. bxa4 Qc3 17. Nb3 Bc6 18. Qe3 Bxa4 19. Qb6 0-0 20. Rg1 Bxb3 21. axb3 Rfc8 22. e5 fxe5 23. Rg3 d5 24. Bxh7+ Kxh7 25. Rxc3 Rxc3 26. Qf2 Rac8 27. Rd2 Kg6 28. Kb2 Bf6 29. f5+ Kg7 30. h4 e4 0-1

[Event "Titled Tuesday intern op 23rd Jul Late"]
[Site "Chess.com INT"]
[Date "2024.07.23"]
[Round "5"]
[White "Silverio, Vitor Luis de Jesus"]
[Black "Menahem, Adi"]
[Result "0-1"]
[WhiteElo "2026"]
[BlackElo "2160"]
[PlyCount "104"]
[EventDate "2024.07.23"]
[EventType "swiss (blitz)"]
[EventRounds "11"]
[EventCountry "USA"]
[SourceTitle "EXT 2025"]
[Source "ChessBase"]
[SourceDate "2024.10.14"]
[SourceVersion "1"]
[SourceVersionDate "2024.10.14"]
[SourceQuality "1"]

1. e4 d5 2. exd5 Qxd5 3. Nf3 Nf6 4. d4 Qd8 5. Be2 g6 6. 0-0 Bg7 7. c4 0-0 8. Nc3 c6 9. h3 Bf5 10. Re1 Nbd7 11. Bf4 Ne4 12. Bf1 Nxc3 13. bxc3 Nf6 14. Qd2 Re8 15. Bd3 Bxd3 16. Qxd3 e6 17. Rab1 Qc8 18. Be5 b6 19. Qe3 Qd7 20. Bf4 Rec8 21. Ne5 Qe7 22. Qf3 c5 23. d5 Re8 24. d6 Qd8 25. Bg5 h6 26. Bh4 g5 27. Bg3 Nd7 28. Nc6 Qf6 29. Ne5 Qxf3 30. Nxf3 Bxc3 31. Red1 Bf6 32. a4 Red8 33. a5 Rac8 34. axb6 axb6 35. Ra1 Bxa1 36. Rxa1 Ra8 37. Rb1 f6 38. h4 Kf7 39. hxg5 hxg5 40. Nd2 f5 41. f3 f4 42. Bf2 Nf6 43. Rxb6 Ra1+ 44. Nf1 Rd1 45. Bxc5 Nh5 46. Kf2 Ra8 47. Rb7+ Kg6 48. Rb2 Raa1 49. Nd2 Ng3 50. Rb1 Rxd2+ 51. Ke1 Re2+ 52. Kd1 Rxb1# 0-1

[Event "Titled Tuesday intern op 23rd Jul Late"]
[Site "Chess.com INT"]
[Date "2024.07.23"]
[Round "1"]
[White "Silverio, Vitor Luis de Jesus"]
[Black "Vovk, Orest"]
[Result "0-1"]
[WhiteElo "2026"]
[BlackElo "2315"]
[PlyCount "66"]
[EventDate "2024.07.23"]
[EventType "swiss (blitz)"]
[EventRounds "11"]
[EventCountry "USA"]
[SourceTitle "EXT 2025"]
[Source "ChessBase"]
[SourceDate "2024.10.14"]
[SourceVersion "1"]
[SourceVersionDate "2024.10.14"]
[SourceQuality "1"]

1. e4 g5 2. d4 g4 3. Qxg4 d5 4. Qe2 dxe4 5. Qxe4 Nf6 6. Qd3 Nc6 7. Nf3 Bg4 8. c3 Qd5 9. Be2 0-0-0 10. Qb5 Bxf3 11. gxf3 e5 12. Qxd5 Nxd5 13. dxe5 Nxe5 14. Be3 Nxe3 15. fxe3 Bc5 16. e4 Nd3+ 17. Bxd3 Rxd3 18. Nd2 Re3+ 19. Kf1 Rd8 20. Rd1 Rxf3+ 21. Nxf3 Rxd1+ 22. Kg2 Rd3 23. Re1 f6 24. Re2 Kd7 25. e5 f5 26. Kg3 Be3 27. h3 Ke6 28. h4 c5 29. a3 h5 30. Rc2 f4+ 31. Kg2 Rd8 32. Re2 Rg8+ 33. Kf1 Rg3 0-1

[Event "Titled Tuesday intern op 09th Jul Late"]
[Site "Chess.com INT"]
[Date "2024.07.09"]
[Round "4"]
[White "Silverio, Vitor Luis de Jesus"]
[Black "Mathieu, Phileas"]
[Result "0-1"]
[WhiteElo "2026"]
[BlackElo "2304"]
[PlyCount "90"]
[EventDate "2024.07.09"]
[EventType "swiss (blitz)"]
[EventRounds "11"]
[EventCountry "USA"]
[SourceTitle "EXT 2025"]
[Source "ChessBase"]
[SourceDate "2024.10.14"]
[SourceVersion "1"]
[SourceVersionDate "2024.10.14"]
[SourceQuality "1"]

1. e4 c5 2. Nf3 Nc6 3. d4 cxd4 4. Nxd4 Nf6 5. Nc3 e5 6. Ndb5 d6 7. Bg5 a6 8. Na3 b5 9. Nd5 Be7 10. Bxf6 Bxf6 11. c3 Ne7 12. Nc2 Nxd5 13. Qxd5 Ra7 14. Nb4 Bb7 15. Qd3 0-0 16. a4 Qa8 17. Nd5 Bxd5 18. Qxd5 Qxd5 19. exd5 b4 20. a5 bxc3 21. bxc3 e4 22. Kd2 Rc8 23. Ra3 Rc5 24. c4 Bb2 25. Ra2 Bd4 26. Be2 Bxf2 27. Rb1 g6 28. Rb8+ Kg7 29. Rb6 Rxa5 30. Rxa5 Bxb6 31. Ra4 Bc5 32. Bg4 f5 33. Bd1 Kf6 34. Ra2 Ke5 35. Kc3 Bd4+ 36. Kc2 f4 37. Kd2 g5 38. Bg4 e3+ 39. Kd3 a5 40. Bd7 h5 41. Bb5 g4 42. Rc2 f3 43. gxf3 gxf3 44. Rc1 a4 45. Rg1 a3 0-1

[Event "Boa Vista Regional Norte-ch"]
[Site "Boa Vista"]
[Date "2024.05.30"]
[Round "1"]
[White "Harada, Ayrton Katsunori"]
[Black "Silverio, Vitor Luis de Jesus"]
[Result "0-1"]
[WhiteElo "1800"]
[BlackElo "1951"]
[PlyCount "44"]
[EventDate "2024.05.30"]
[EventType "swiss"]
[EventRounds "6"]
[EventCountry "BRA"]
[SourceTitle "CBM 220 Extra"]
[Source "ChessBase"]
[SourceDate "2024.07.31"]
[SourceVersion "1"]
[SourceVersionDate "2024.07.31"]
[SourceQuality "1"]

1. e4 c5 2. Nf3 Nc6 3. Bb5 e6 4. 0-0 Nge7 5. c3 a6 6. Ba4 b5 7. Bb3 c4 8. Bc2 d5 9. a4 Bb7 10. d4 cxd3 11. Qxd3 dxe4 12. Qxe4 Na5 13. Qe2 Nc4 14. Na3 Nxa3 15. Rxa3 Ng6 16. Ra1 b4 17. Rd1 Qc7 18. Bd2 Bd6 19. g3 Qc6 20. Kg2 Ne5 21. Kf1 Nxf3 22. Rdc1 Nxh2+ 0-1

[Event "BRA-ch U18"]
[Site "Aracaju"]
[Date "2024.05.23"]
[Round "5"]
[White "Silverio, Vitor Luis de Jesus"]
[Black "Fraga, Heitor Carneiro"]
[Result "1/2-1/2"]
[WhiteElo "1951"]
[BlackElo "1890"]
[PlyCount "60"]
[EventDate "2024.05.22"]
[EventType "swiss"]
[EventRounds "6"]
[EventCountry "BRA"]
[SourceTitle "CBM 220 Extra"]
[Source "ChessBase"]
[SourceDate "2024.07.31"]
[SourceVersion "1"]
[SourceVersionDate "2024.07.31"]
[SourceQuality "1"]

1. e4 c5 2. Nf3 d6 3. d4 cxd4 4. Nxd4 Nf6 5. Nc3 g6 6. Be3 Bg7 7. f3 0-0 8. Qd2 Nc6 9. Bc4 Bd7 10. 0-0-0 Rc8 11. Bb3 Nxd4 12. Bxd4 b5 13. Bxa7 b4 14. Nd5 Nxd5 15. exd5 Qa5 16. Bd4 Ba4 17. Qe3 Bxb3 18. Qxb3 Rc7 19. Bxg7 Kxg7 20. Rhe1 Ra8 21. Re4 Qc5 22. Rxb4 Rxa2 23. Ra4 Rxa4 24. Qxa4 f6 25. c3 Qe3+ 26. Kc2 Rb7 27. Qd4 Qe2+ 28. Rd2 Qb5 29. b4 Rc7 30. Qe4 Qa4+ 1/2-1/2